| 000 | 02535cam a2200421 a 4500 | ||
|---|---|---|---|
| 001 | 9217062 | ||
| 003 | AZMVBTROQ | ||
| 005 | 20220326193255.0 | ||
| 008 | 110601s2011 ne a b 001 0deng d | ||
| 010 | _a 2011493522 | ||
| 020 | _a9789460830372 | ||
| 020 | _a9460830374 | ||
| 035 | _a(OCoLC)ocn712782706 | ||
| 035 | _a(OCoLC)712782706 | ||
| 035 | _a(NNC)9217062 | ||
| 040 |
_aVVP _cVVP _dDLC _dYDXCP _dBWX _dIUL _dERASA _dNNC |
||
| 042 | _alccopycat | ||
| 050 | 0 | 0 |
_aN6490 _b.O485 2011 |
| 082 |
_a707 _bH677o |
||
| 245 | 0 | 0 |
_aOn horizons : _ba critical reader in contemporary art / _cedited by Maria Hlavajova, Simon Sheikh, and Jill Winder. |
| 246 | 3 | 0 | _aCritical reader in contemporary art |
| 260 |
_aUtrecht : _bBAK, basis voor actuele kunst ; _aRotterdam : _bPost Editions, _cc2011. |
||
| 300 |
_a239 p. : _bill. ; _c17 cm. |
||
| 490 | 1 | _aBAK critical reader series | |
| 500 | _a"On Horizons: A Critical Reader in Contemporary Art is linked to two projects in which the notion of horizon was engaged with: Vectors of the Possible, FORMER WEST Research Exhibition, and On Horizons: Art and the Political Imagination, the 2nd FORMER WEST Research Congress"--P.219. | ||
| 504 | _aIncludes bibliographical references and index. | ||
| 505 | 0 | 0 |
_tThe Nth field : the horizon reloaded / _rNancy Adajania and Ranjit Hoskote -- _tThe communist horizon / _rJodi Dean -- _tIs another world possible? The politics of utopia and the surpassing of capitalism in recent exhibition practice / _rT.J. Demos -- _tCertain resemblances : notes on performance, event and political images / _rSharon Hayes -- _tHorizon, ground and lived experience / _rErnesto Laclau -- _tExpecting the unexpected : beyond the "horizon of expectation" / _rPeter Osborne -- _tFrom the perspective of hope : a conversation between Alexei Penzin and Dmitry Vilensky -- _tVectors of the possible : art between spaces of experience and horizons of expectation / _rSimon Sheikh -- _tIn free fall : a thought experiment / _rHito Steyerl -- _tOrganizing the silence / _rUltra-red. |
| 650 | 0 |
_aArt criticism. _914 |
|
| 650 | 0 |
_aArt, Modern _y21st century _xPolitical aspects. _91048 |
|
| 650 | 0 |
_ys. XXI _xarte-critica _xarte moderno-aspectos politicos _xarte moderno-aspectos sociales _91049 |
|
| 650 | 0 |
_aArt, Modern _y21st century _xSocial aspects. _91050 |
|
| 700 | 1 |
_aHlavajova, Maria, _d1971- _91051 |
|
| 700 | 1 |
_aSheikh, Simon. _91052 |
|
| 700 | 1 |
_aWinder, Jill, _d1975- _91053 |
|
| 830 | 0 |
_aBAK critical reader series. _91054 |
|
| 948 | 1 |
_a20120416 _bc _cfra1 _dOSMC |
|
| 999 |
_c227 _d227 |
||